书目信息 |
| 题名: |
服装艺术
|
|
| 作者: | 张竞琼 著 ;刘守安 主编 | |
| 分册: | ||
| 出版信息: | 合肥 安徽美术出版社 2003.01 |
|
| 页数: | 130页 | |
| 开本: | 21cm | |
| 丛书名: | 大学生艺术素质拓展丛书 | |
| 单 册: | ||
| 中图分类: | TS941.1 | |
| 科图分类: | ||
| 主题词: | 服装--艺术--鉴赏--世界--青年读物 , 服装 , 艺术 | |
| 电子资源: | ||
| ISBN: | 7-5398-1107-2 | |
| 000 | 00959nam2 2200313 45 | |
| 001 | 012003000000 | |
| 005 | 20041012093653.55 | |
| 010 | @a7-5398-1107-2@dCNY 11.50 | |
| 100 | @a20031103d2003 em y0chiy0121 ea | |
| 101 | 0 | @achi |
| 102 | @aCN@b340000 | |
| 105 | @aaf z 000yy | |
| 200 | 1 | @a服装艺术@Afu zhuang yi shu@e衣品如人品@f张竞琼著 |
| 210 | @a合肥@c安徽美术出版社@d2003.01 | |
| 215 | @a130页@c图, 照片@d21cm | |
| 225 | 2 | @a大学生艺术素质拓展丛书@f刘守安主编 |
| 320 | @a本书末含参考文献(第112页) | |
| 330 | @a本书内容包括: 混混沌沌的序曲, 人性的弘扬, 沉醉于教堂的钟声, 女人善变等。 | |
| 410 | 0 | @12001 @a大学生艺术素质拓展丛书 |
| 517 | 1 | @a衣品如人品 |
| 606 | 0 | @a服装@x艺术@x鉴赏@y世界@j青年读物 |
| 606 | 0 | @a服装 |
| 606 | 0 | @a艺术 |
| 690 | @aTS941.1@v4 | |
| 701 | 0 | @a张竞琼@Azhang jing qiong@4著 |
| 702 | 0 | @a刘守安@Aliu shou an@4主编 |
| 801 | 0 | @aCN@bQSSKw1@c20041012 |
| 905 | @dTS941.1@eZ120 | |
| 906 | @dCNY11.50@n3@r1 | |
| 服装艺术:衣品如人品/张竞琼著.-合肥:安徽美术出版社,2003.01 |
| 130页:图, 照片;21cm.-(大学生艺术素质拓展丛书/刘守安主编) |
| ISBN 7-5398-1107-2:CNY 11.50 |
| 本书内容包括: 混混沌沌的序曲, 人性的弘扬, 沉醉于教堂的钟声, 女人善变等。 |
| ● |
| 相关链接 |
|
|
|
正题名:服装艺术
索取号:TS941.1/Z120
 
预约/预借
| 序号 | 登录号 | 条形码 | 馆藏地/架位号 | 状态 | 备注 |
| 1 | 386949 | 203869493 | 期刊室512/501自科库 43排7列5层/ [索取号:TS941.1/Z120] | 在馆 | |
| 2 | 386950 | 203869509 | 期刊室512/501自科库 43排7列5层/ [索取号:TS941.1/Z120] | 在馆 | |
| 3 | 386951 | 203869518 | 期刊室512/501自科库 43排7列5层/ [索取号:TS941.1/Z120] | 在馆 | |
| 4 | 399643 | 203996435 | 自科库501/501自科库 43排7列5层/ [索取号:TS941.1/Z120] | 在馆 | |
| 5 | 399644 | 203996444 | 自科库501/501自科库 43排7列5层/ [索取号:TS941.1/Z120] | 在馆 | |
| 6 | 399645 | 203996453 | 期刊室512/501自科库 43排7列5层/ [索取号:TS941.1/Z120] | 在馆 |